Statistics for Biggest cities by European language

Click here to take the quiz!

General Stats

  • This quiz has been taken 65 times
  • The average score is 14 of 16

Answer Stats

Language (habitants)City% Correct
DutchAmsterdam
100%
GermanBerlin
100%
DanishCopenhagen
100%
SpanishMadrid
100%
RussianMoscow
100%
NorwegianOslo
100%
FrenchParis
100%
FinnishHelsinki
98%
TurkishIstanbul
98%
EnglishLondon
98%
ItalianMilan
97%
SwedishStockholm
97%
IcelandicReykjavik
95%
RomanianBucharest
61%
MalteseBirkirkara
21%
FrisianLeeuwarden
11%

Score Distribution

Percentile by Number Answered

Percent of People with Each Score

Your Score History

You have not taken this quiz